000 00559cam a22002051 4500
001 med47001008
003 DLC
005 20260227111601.0
008 810815s1946 xx 000 0 fre
010 _amed47001008
035 _a(OCoLC)14722661
040 _aDLC
_cDNLM
_dDLC
042 _apremarc
050 0 0 _aD807.F7
_bD8
060 0 _aUH 390
_bD841s 1946
100 1 _aDucos, Hippolyte,
_d1881-
245 1 3 _aLe service de santé militaire en France (13 september 1939-10 mai 1940)
260 _aParis [etc.]
_bLavauzelle,
_c1946.
300 _a216 p.
999 _c38240
_d38240